K otázke vysokoželezitých rúl pri Kokave nad Rimavicou diskusia k článku M. Radvanec (2000) Metapelit, amfibolová bridlica ...

Bibliographic Details
Main Author: Kováčik, Martin (Author)
Format: Article
Language:Slovak
ISSN:0369-2086
Subjects:

MARC

LEADER 00000nab a2200000 a 4500
001 vtls000754054
003 SK-MaSNL
005 20260304132910.0
008 250429c2000 xo 0 slo
015 |a SNBRB2001/04-12567 
035 |a CLN000105841 
035 |a (urnnbn)urn:nbn:sk:snk:ar-005j6h 
035 |a (uuid)4d0f622d-de60-451b-945e-85f8261791bc 
035 |a urn:nbn:sk:snk-ab7zq4 
040 |a SNKBUCL  |b slo  |c SNKBUCL  |e AACR2 
041 0 |a slo 
044 |a xo  |c SK 
080 |a 552.42(234.372.3)  |2 1997 
080 |a 553.311.2(234.372.3)  |2 1997 
100 1 |a Kováčik, Martin  |4 aut  |9 358021 
245 1 0 |a K otázke vysokoželezitých rúl pri Kokave nad Rimavicou  |b diskusia k článku M. Radvanec (2000) Metapelit, amfibolová bridlica ...  |c Martin Kováčik 
500 |a Reakcia na článok Metapelit, amfibolová bridlica a vznik magnetitovo-grafitovej mineralizácie vo veporiku pri Kokave nad Rimavicou / M. Radvanec : Mineralia Slovaca - Roč. 32, č. 1 (2000), s. 1-16 
504 |a Bibliogr. odkazy 
650 0 7 |a ruly  |x petrogenéza  |z Kokava nad Rimavicou (Slovensko)  |2 snkbucl  |9 1449050 
650 0 7 |a magnetit  |x mineralizácia  |z Kokava nad Rimavicou (Slovensko)  |2 snkbucl  |9 1449051 
655 7 |a články z novín a časopisov  |2 snkbucl  |9 267496 
773 0 |t Mineralia slovaca  |g Roč. 32, č. 5 (2000), s. 507-508  |x 0369-2086 
850 |a Slovenská národná knižnica 
852 |a Slovenská národná knižnica 
954 |a odborná, vedecká literatúra pôvodná (slovenská)  |2 lita 
958 |a article9 
958 |a OND 
958 |a SK 
958 |a NB 
958 |a EUIPO 
992 |a RBX 
999 |c 2899788  |d 2901718